Central Library OPAC University of Rajshahi

The Economic History of Ancient India / (Record no. 45412)

MARC details
000 -LEADER
fixed length control field 00607nam a2200205 a 4500
001 - CONTROL NUMBER
control field 45412
003 - CONTROL NUMBER IDENTIFIER
rucl marc code BD-RjUL
005 - DATE AND TIME OF LATEST TRANSACTION
control field 20211209054017.0
008 - FIXED-LENGTH DATA ELEMENTS--GENERAL INFORMATION
fixed length control field 160726m1980 ii ||||| |||| 00| 0 eng d
035 ## - SYSTEM CONTROL NUMBER
System control number (BD-RjUL)45530
040 ## - CATALOGING SOURCE
Original cataloging agency BD-RjUL
Language of cataloging eng
Transcribing agency BD-RjUL
041 ## - LANGUAGE CODE
Language code of text/sound track or separate title eng
082 ## - DEWEY DECIMAL CLASSIFICATION NUMBER
Edition number 23
Classification number 330.9054
Author mark and year DAE 1980
100 ## - MAIN ENTRY--PERSONAL NAME
Personal name Das, Santosh Kumar.
9 (RLIN) 139041
245 ## - TITLE STATEMENT
Title The Economic History of Ancient India /
Statement of responsibility, etc. by Santosh Kumar Das.
260 ## - PUBLICATION, DISTRIBUTION, ETC. (IMPRINT)
Place of publication, distribution, etc. Allahabad :
Name of publisher, distributor, etc. Vohra publishers,
Date of publication, distribution, etc. c1925 [reprint 1980]
300 ## - PHYSICAL DESCRIPTION
Pagination xvi, 174 p. ;
Size 20 cm.
650 ## - SUBJECT ADDED ENTRY--TOPICAL TERM
Topical term or geographic name as entry element Economics
General subdivision History
Geographic subdivision India
9 (RLIN) 139042
942 ## - ADDED ENTRY ELEMENTS (KOHA)
Source of classification or shelving scheme Dewey Decimal Classification
Koha item type Books
Holdings
Lost status Source of classification or shelving scheme Damaged status Not for loan Collection code Permanent Location Current Location Shelving location Date acquired Source of acquisition Cost, normal purchase price Total Checkouts Full call number Date last seen Copy number Koha item type
  Dewey Decimal Classification     Non-fiction Central Library, University of Rajshahi Central Library, University of Rajshahi   07/05/1985 Ariatic through tulip 65.00   330.9054 DAE 1980 26/07/2016 C-2 Books